000 01154nam a2200313 a 4500
001 000015377
003 OSt
005 20250630104810.0
008 090716s2009 dr 000 0 spa d
020 _z9789993456469
040 _aDO-SdBNP
_bspa
_cBNPHU
082 _aRD863.44
_bT866a, 2009
100 1 _aTrujillo Ricart, Aída,
_d1952-
_912112
245 1 0 _aA la sombra de mi abuelo /
_cAída Trujillo ; dirección editorial Bismar Galán.
250 _a2a. ed.
260 _aSanto Domingo :
_bNorma,
_c2009.
300 _a331 p. ;
_c24 cm.
500 _aLa presente edición incluye fotos inéditas
586 _aPremio Nacional de Novela 2008
590 _aLa biblioteca posee un ejemplar autografiado por la autora
590 _aInventariado, 2019/VM
600 1 0 _aTrujillo Molina, Rafael Leónidas,
_d1891-1961
_xNovela
_vNovela
_912113
650 0 _aNovela histórica dominicana.
_9860
650 4 _aHistoria en la literatura
_91300
650 0 _aLiteratura dominicana.
_967
651 0 _aREPÚBLICA DOMINICANA
_xHISTORIA
_yERA DE TRUJILLO, 1930-1961
_xNOVELA
_921999
910 _aValidado. Control de calidad MMOLINA
942 _2ddc
_cLBS1
999 _c14939
_d14939